[Event "USCL Week 1"]
[Site "Internet Chess Club"]
[Date "2011.08.29"]
[Round "?"]
[White "Fisher, William"]
[Black "Prilleltensky, Matan"]
[Result "1-0"]
[WhiteElo "2369"]
[BlackElo "2186"]
[PlyCount "71"]
[EventDate "2011.??.??"]

1. e4 c5 2. d4 cxd4 3. c3 Nf6 4. e5 Nd5 5. cxd4 d6 6. Nf3 Nc6 7. Bc4 Nb6 8. Bb5
dxe5 9. Nxe5 Bd7 10. Nxd7 Qxd7 11. Nc3 e6 12. O-O Be7 13. Qg4 Bf6 14. Rd1 h5
15. Qe2 Kf8 16. Bf4 Rd8 17. Rac1 Qe7 18. Bxc6 bxc6 19. Be5 Bg5 20. Rc2 Nd7 21.
Bc7 Rc8 22. Nb5 Kg8 23. Bd6 Qf6 24. Nxa7 Ra8 25. Nxc6 Rxa2 26. Ne7+ Kh7 27.
Qe4+ g6 28. Rc7 Rxb2 29. f4 Rd8 30. Nc6 Bh6 31. Nxd8 Qxd8 32. Qc6 Nb8 33. Rxf7+
Kg8 34. Qc7 Qh4 35. Kh1 Na6 36. Qd7 1-0

[Event "USCL Week 1"]
[Site "Internet Chess Club"]
[Date "2011.08.29"]
[Round "?"]
[White "Milman, Lev"]
[Black "Erenburg, Sergey"]
[Result "1-0"]
[WhiteElo "2490"]
[BlackElo "2679"]
[PlyCount "81"]
[EventDate "2011.??.??"]

1. d4 d5 2. c4 c6 3. Nf3 Nf6 4. Nc3 e6 5. Bg5 h6 6. Bxf6 Qxf6 7. e3 g6 8. Bd3
Bg7 9. O-O O-O 10. e4 dxe4 11. Nxe4 Qe7 12. c5 b6 13. b4 a5 14. a3 Nd7 15. Re1
Ba6 16. Rb1 axb4 17. axb4 Bxd3 18. Qxd3 Nf6 19. Ne5 bxc5 20. dxc5 Nxe4 21. Nxc6
Qb7 22. Qxe4 Ra4 23. Qf3 Qb5 24. Red1 Kh8 25. h4 Ra6 26. Rd6 Qc4 27. Na5 Qa2
28. Rbd1 Ra7 29. g3 Rc7 30. Rd8 Rxd8 31. Rxd8+ Kh7 32. Kg2 Qa4 33. Rb8 Be5 34.
h5 Qc2 35. Nc6 Bg7 36. Nd8 Qf5 37. Qxf5 gxf5 38. c6 Be5 39. b5 Kg7 40. b6 Re7
41. Rb7 1-0

[Event "USCL Week 1"]
[Site "Internet Chess Club"]
[Date "2011.08.29"]
[Round "?"]
[White "Mandizha, Farai"]
[Black "Shahade, Michael"]
[Result "1/2-1/2"]
[WhiteElo "2494"]
[BlackElo "2241"]
[PlyCount "102"]
[EventDate "2011.??.??"]

1. g3 g6 2. Bg2 Bg7 3. Nf3 c5 4. O-O Nc6 5. e4 d6 6. c3 Nf6 7. d4 cxd4 8. cxd4
O-O 9. d5 Nb8 10. Nc3 Nbd7 11. h3 Nc5 12. Re1 Ne8 13. Be3 Qa5 14. Nd4 Bd7 15.
Rb1 Na4 16. Nce2 Rc8 17. b4 Qd8 18. Qb3 Nc7 19. b5 Nc5 20. Qd1 Na8 21. Qd2 Nb6
22. Rec1 Nca4 23. Qb4 Rxc1+ 24. Rxc1 Qb8 25. Bg5 Re8 26. Nc3 Nxc3 27. Rxc3 h6
28. Bd2 Rc8 29. a4 Rxc3 30. Bxc3 Qc8 31. Nc6 bxc6 32. Bxg7 cxb5 33. Bxh6 Nxa4
34. Qa5 Nc5 35. h4 Kh7 36. Be3 a6 37. e5 Bh3 38. Bxh3 Qxh3 39. exd6 exd6 40.
Bxc5 dxc5 41. Qc7 Qf5 42. d6 b4 43. Qb7 Qb1+ 44. Kg2 Qf5 45. d7 Qd3 46. Qc7
Qd5+ 47. Kh2 Qd4 48. Kg2 Qe4+ 49. Kh2 Qd4 50. Kg2 Qd5+ 51. Kh2 Qd4 1/2-1/2

[Event "USCL Week 1"]
[Site "Internet Chess Club"]
[Date "2011.08.29"]
[Round "?"]
[White "Casella, Michael"]
[Black "Vedrickas, Tautvydas"]
[Result "1-0"]
[WhiteElo "2334"]
[BlackElo "2350"]
[PlyCount "59"]
[EventDate "2011.??.??"]

1. d4 Nf6 2. c4 e6 3. g3 c5 4. d5 exd5 5. cxd5 b5 6. Nf3 g6 7. e4 Nxe4 8. Bd3
Nd6 9. O-O f6 10. Re1+ Kf7 11. Bf4 Na6 12. a4 Nc7 13. axb5 Ncxb5 14. Qa4 Qb6
15. Nc3 Nc7 16. Re2 Qb4 17. Qa2 Bb7 18. Rae1 Nce8 19. h4 a5 20. Nb5 a4 21. Rxe8
Rxe8 22. Nxd6+ Bxd6 23. Rxe8 Rxe8 24. Bxd6 Ra8 25. h5 a3 26. bxa3 Rxa3 27. Qe2
Kg7 28. h6+ Kxh6 29. Bf8+ Kh5 30. Nd4+ 1-0

[Event "USCL Week 1"]
[Site "Internet Chess Club"]
[Date "2011.08.29"]
[Round "?"]
[White "Vaidya, Chaitanya"]
[Black "Yanayt, Eugene"]
[Result "1-0"]
[WhiteElo "2333"]
[BlackElo "2305"]
[PlyCount "91"]
[EventDate "2011.??.??"]

1. d4 Nf6 2. c4 g6 3. Nc3 Bg7 4. e4 d6 5. f3 O-O 6. Be3 c5 7. d5 e6 8. Nge2
exd5 9. cxd5 Nbd7 10. Ng3 a6 11. a4 h5 12. Be2 h4 13. Nf1 Nh7 14. Nd2 f5 15.
O-O Ne5 16. Nc4 Nxc4 17. Bxc4 f4 18. Bf2 Qg5 19. Kh1 Be5 20. h3 Nf6 21. Rb1 Nh5
22. Re1 Bd7 23. a5 Qd8 24. Qb3 Rb8 25. Qa3 Qc8 26. Kh2 g5 27. Na4 b5 28. axb6
g4 29. hxg4 Bxg4 30. Nxc5 dxc5 31. Qxc5 Kh8 32. Qe7 Bf6 33. Qc7 Bd8 34. Bd4+
Bf6 35. e5 Bg7 36. Rbd1 h3 37. e6 Bxd4 38. Rxd4 Qxc7 39. bxc7 Rxb2 40. fxg4
Rxg2+ 41. Kxh3 Rg3+ 42. Kh4 Rg8 43. c8=Q Rxc8 44. gxh5 Rcg8 45. Rxf4 Rg2 46.
Rh1 1-0

[Event "USCL Week 1"]
[Site "Internet Chess Club"]
[Date "2011.08.29"]
[Round "?"]
[White "Altounian, Levon"]
[Black "Rodriguez, Eric"]
[Result "1-0"]
[WhiteElo "2483"]
[BlackElo "2397"]
[PlyCount "81"]
[EventDate "2011.??.??"]

1. Nf3 Nf6 2. g3 g6 3. b3 d5 4. Bb2 c5 5. Bxf6 exf6 6. d4 Bg7 7. Bg2 Be6 8. O-O
O-O 9. e3 Nc6 10. Nc3 b6 11. Ne2 Qe7 12. c3 Rfd8 13. Qd2 Rac8 14. Rac1 Na5 15.
Qb2 c4 16. Nd2 h5 17. Nf4 h4 18. b4 Nc6 19. b5 Na5 20. e4 Bh6 21. Nxd5 Bxd5 22.
exd5 Bxd2 23. Qxd2 Kg7 24. Rce1 Qd7 25. a4 h3 26. Bf3 Re8 27. Qf4 Rxe1 28. Rxe1
Re8 29. Re3 a6 30. bxa6 Qxa4 31. Be2 Qa1+ 32. Bf1 Rf8 33. g4 Qc1 34. g5 f5 35.
Qe5+ Kg8 36. Rxh3 Qxg5+ 37. Kh1 f6 38. Qc7 Rf7 39. Qb8+ Rf8 40. a7 Qc1 41.
Qxf8+ 1-0

[Event "USCL Week 1"]
[Site "Internet Chess Club"]
[Date "2011.08.29"]
[Round "?"]
[White "Holt, Conrad"]
[Black "Banawa, Joel"]
[Result "1-0"]
[WhiteElo "2520"]
[BlackElo "2456"]
[PlyCount "81"]
[EventDate "2011.??.??"]

1. d4 g6 2. c4 Bg7 3. Nf3 c5 4. d5 d6 5. e4 e5 6. Nc3 a6 7. a3 Nd7 8. b4 b6 9.
Bg5 Ne7 10. h4 h6 11. Bd2 Nf6 12. bxc5 bxc5 13. Rb1 Nh5 14. Na4 O-O 15. Nh2 f5
16. Nb6 Rb8 17. Nxc8 Qxc8 18. Rxb8 Qxb8 19. exf5 e4 20. g4 e3 21. fxe3 Be5 22.
Nf3 Bg3+ 23. Ke2 Nxd5 24. Qc2 Nhf4+ 25. exf4 Re8+ 26. Kd1 Ne3+ 27. Bxe3 Rxe3
28. f6 Kf8 29. Be2 Rxa3 30. Bd3 Ra1+ 31. Ke2 Qe8+ 32. Be4 Rxh1 33. Ke3 Ra1 34.
Qb2 Ra4 35. Qb7 Ra3+ 36. Ke2 Qf7 37. Qb8+ Qe8 38. Qxd6+ Kg8 39. Ne5 Bxf4 40.
Qd5+ Kh8 41. Nxg6+ 1-0

[Event "USCL Week 1"]
[Site "Internet Chess Club"]
[Date "2011.08.29"]
[Round "?"]
[White "Hernandez, Alberto"]
[Black "Adamson, Robby"]
[Result "0-1"]
[WhiteElo "2321"]
[BlackElo "2388"]
[PlyCount "120"]
[EventDate "2011.??.??"]

1. d4 Nf6 2. Nc3 d5 3. Bg5 Nbd7 4. Nf3 h6 5. Bh4 e6 6. a3 Be7 7. e3 a6 8. Bd3
c5 9. dxc5 Nxc5 10. O-O O-O 11. Re1 Bd7 12. Ne5 Rc8 13. e4 Nxd3 14. cxd3 Bc6
15. Nxc6 bxc6 16. Bxf6 Bxf6 17. e5 Be7 18. Na4 c5 19. Qd2 Qe8 20. Qa5 Qb5 21.
Qxb5 axb5 22. Nc3 Rb8 23. g3 Rfc8 24. Rec1 b4 25. axb4 Rxb4 26. Ra7 Bf8 27. Na4
g5 28. Ra5 Bg7 29. Re1 Bf8 30. Kg2 c4 31. d4 Rbb8 32. Ra1 Rb3 33. Rd1 Rcb8 34.
Ra7 R8b7 35. Ra8 Rb8 36. Ra7 R8b7 37. Ra8 Kg7 38. g4 R7b4 39. Rd2 Rd3 40. Rxd3
cxd3 41. Nc3 Rxd4 42. Ra4 Bb4 43. Nd1 Rxg4+ 44. Kf3 Rf4+ 45. Kg2 Re4 46. b3 d2
47. h3 Rxe5 48. Rxb4 Re1 49. Kf3 Rxd1 50. Ke2 Rf1 51. Kxd2 Rxf2+ 52. Kc1 Rh2
53. Rd4 Rxh3 54. b4 h5 55. Kc2 g4 56. b5 Ra3 57. b6 Ra8 58. Rb4 Kf6 59. Kd3 Ke5
60. b7 Rb8 0-1

[Event "USCL Week 1"]
[Site "Internet Chess Club"]
[Date "2011.08.29"]
[Round "?"]
[White "Mateer, Amanda"]
[Black "Pelaez, Jorge"]
[Result "0-1"]
[WhiteElo "2132"]
[BlackElo "2264"]
[PlyCount "70"]
[EventDate "2011.??.??"]

1. d4 Nf6 2. c4 c5 3. d5 b5 4. a4 b4 5. g3 d6 6. Bg2 g6 7. b3 Bg7 8. Bb2 O-O 9.
Nd2 Bb7 10. Qc2 e6 11. e4 exd5 12. exd5 Re8+ 13. Ne2 Qe7 14. Bf3 Bc8 15. O-O
Bf5 16. Qd1 Nbd7 17. Re1 g5 18. Bg2 Bd3 19. Bf1 Ne5 20. Bxe5 Qxe5 21. Nf3 Qf5
22. Ned4 Rxe1 23. Nxe1 cxd4 24. Bxd3 Qh3 25. Nf3 Qh5 26. Rb1 Re8 27. Nxd4 Ng4
28. Nf3 Bd4 29. Kg2 Bxf2 30. Qc1 Re3 31. Rb2 Rxf3 32. Kxf3 Ne5+ 33. Kg2 Qf3+
34. Kh3 Qg4+ 35. Kg2 Nxd3 0-1

[Event "USCL Week 1"]
[Site "Internet Chess Club"]
[Date "2011.08.31"]
[Round "?"]
[White "Kapengut, Albert"]
[Black "Korley, Kassa"]
[Result "0-1"]
[WhiteElo "2374"]
[BlackElo "2368"]
[PlyCount "76"]
[EventDate "2011.??.??"]

1. e4 c5 2. Nf3 d6 3. d4 cxd4 4. Nxd4 Nf6 5. Nc3 e6 6. Be2 a6 7. a4 Nbd7 8. f4
g6 9. O-O Be7 10. Bf3 Qc7 11. Kh1 e5 12. Nde2 Nb6 13. b3 Be6 14. Qe1 Rc8 15.
fxe5 dxe5 16. Bh6 Nbd7 17. Rd1 Bf8 18. Qh4 Bxh6 19. Qxh6 Qc5 20. Rd2 Qf8 21.
Qe3 Qc5 22. Qh6 Qf8 23. Qe3 h5 24. Nd5 Bxd5 25. exd5 Qc5 26. Qd3 O-O 27. d6 Qb4
28. Bd5 Kg7 29. Bc4 b5 30. axb5 axb5 31. Bxb5 e4 32. c3 exd3 33. cxb4 dxe2 34.
Bxe2 Rc3 35. Bc4 Ne4 36. Rd4 f5 37. Be6 Rd8 38. Kg1 Nf8 0-1

[Event "USCL Week 1"]
[Site "Internet Chess Club"]
[Date "2011.08.31"]
[Round "?"]
[White "Fikiet, Alex"]
[Black "Gu, Christopher"]
[Result "1/2-1/2"]
[WhiteElo "2255"]
[BlackElo "2283"]
[PlyCount "65"]
[EventDate "2011.??.??"]

1. d4 Nf6 2. c4 e6 3. g3 Bb4+ 4. Bd2 Qe7 5. Nf3 Nc6 6. Nc3 Bxc3 7. Bxc3 Ne4 8.
Rc1 O-O 9. Bg2 d6 10. O-O Nxc3 11. Rxc3 e5 12. d5 Nb8 13. Nd2 a5 14. f4 f5 15.
fxe5 Qxe5 16. Nf3 Qe7 17. Nd4 Na6 18. Rcf3 Nc5 19. Nxf5 Bxf5 20. Rxf5 Qe3+ 21.
Kh1 Rxf5 22. Rxf5 Ne4 23. Qe1 Rf8 24. Rxf8+ Kxf8 25. Qf1+ Ke7 26. Bxe4 Qxe4+
27. Qf3 Qxc4 28. Qe3+ Kd8 29. Qe6 Qc1+ 30. Kg2 Qxb2 31. Qg8+ Ke7 32. Qe6+ Kd8
33. Qg8+ 1/2-1/2

[Event "USCL Week 1"]
[Site "Internet Chess Club"]
[Date "2011.08.31"]
[Round "?"]
[White "Matlin, Anna"]
[Black "Jones, Craig"]
[Result "1-0"]
[WhiteElo "2082"]
[BlackElo "2305"]
[PlyCount "67"]
[EventDate "2011.??.??"]

1. d4 d5 2. c4 e6 3. Nc3 c5 4. cxd5 exd5 5. Nf3 Nc6 6. g3 Nf6 7. Bg2 Be7 8. O-O
O-O 9. Bg5 c4 10. Ne5 Be6 11. e3 Qa5 12. Rc1 Rac8 13. f4 Rcd8 14. f5 Bc8 15.
Bxf6 Bxf6 16. Ng4 Bg5 17. h4 h5 18. hxg5 hxg4 19. Qxg4 Ne7 20. Qh3 b5 21. g4 b4
22. f6 Ng6 23. fxg7 bxc3 24. gxf8=Q+ Rxf8 25. bxc3 Be6 26. Rf6 Rb8 27. Qh6 Bxg4
28. Rxg6+ fxg6 29. Qxg6+ Kh8 30. Qf6+ Kg8 31. g6 Be6 32. Qxe6+ Kg7 33. Qe5+ Kh6
34. Qxb8 1-0

[Event "USCL Week 1"]
[Site "Internet Chess Club"]
[Date "2011.08.31"]
[Round "?"]
[White "Margvelashvili, Giorgi"]
[Black "Kacheishvili, Giorgi"]
[Result "0-1"]
[WhiteElo "2538"]
[BlackElo "2653"]
[PlyCount "64"]
[EventDate "2011.??.??"]

1. Nf3 c5 2. c4 Nc6 3. Nc3 g6 4. g3 Bg7 5. Bg2 e5 6. O-O Nge7 7. Ne1 d6 8. Nc2
O-O 9. Rb1 Be6 10. Nd5 a5 11. Nce3 Rb8 12. b3 f5 13. f4 h6 14. Bb2 g5 15. d3
Ng6 16. Qd2 exf4 17. Bxg7 Kxg7 18. gxf4 Nh4 19. Rf2 Kh7 20. Qb2 Rf7 21. Kh1 g4
22. Rg1 Nxg2 23. Rfxg2 h5 24. h3 Qh4 25. Rg3 Rg8 26. Kg2 gxh3+ 27. Kh2 Rxg3 28.
Rxg3 Nd4 29. Rxh3 Qf2+ 30. Ng2 Bxd5 31. Rxh5+ Kg8 32. Rg5+ Kf8 0-1

[Event "USCL Week 1"]
[Site "Internet Chess Club"]
[Date "2011.08.31"]
[Round "?"]
[White "Sammour-Hasbun, Jorge"]
[Black "Hungaski, Robert"]
[Result "1-0"]
[WhiteElo "2604"]
[BlackElo "2621"]
[PlyCount "77"]
[EventDate "2011.??.??"]

1. e4 e5 2. Nf3 Nc6 3. d4 exd4 4. Nxd4 Nf6 5. Nxc6 bxc6 6. e5 Qe7 7. Qe2 Nd5 8.
c4 Nb6 9. Nc3 Qe6 10. Qe4 d5 11. exd6 cxd6 12. Bd2 f5 13. Qxe6+ Bxe6 14. b3 Be7
15. g3 Kf7 16. Bg2 Rhc8 17. Rc1 a5 18. Be3 Rab8 19. O-O a4 20. Ne2 axb3 21.
axb3 Nd7 22. Nd4 Ne5 23. Ra1 Bd7 24. Ra7 Ke8 25. Rd1 Ra8 26. Rxd7 Kxd7 27. Nxf5
Ke6 28. Bh3 Rd8 29. f4 Nf3+ 30. Kg2 Ra2+ 31. Kxf3 Rxh2 32. Nd4+ Kf7 33. Be6+
Kf6 34. g4 Rh3+ 35. Kf2 g5 36. fxg5+ Ke5 37. Bf5 Rxe3 38. Nxc6+ Kf4 39. Rd4+
1-0

[Event "USCL Week 1"]
[Site "Internet Chess Club"]
[Date "2011.08.31"]
[Round "?"]
[White "Fedorowicz, John"]
[Black "Enkhbat, Tegshsuren"]
[Result "1/2-1/2"]
[WhiteElo "2523"]
[BlackElo "2426"]
[PlyCount "77"]
[EventDate "2011.??.??"]

1. d4 d5 2. c4 c6 3. Nf3 Nf6 4. Nc3 a6 5. c5 Bf5 6. Bf4 Nbd7 7. h3 e6 8. e3 Be7
9. Nd2 Bg6 10. Be2 Qc8 11. b4 b6 12. O-O O-O 13. a3 a5 14. Qb3 axb4 15. axb4
Qb7 16. Rfc1 Rfe8 17. Na4 b5 18. Nc3 Rec8 19. Qb2 Bd8 20. Rxa8 Rxa8 21. Nxb5
cxb5 22. c6 Qc8 23. cxd7 Qxd7 24. Nb3 Be7 25. Nc5 Qe8 26. Ra1 Rxa1+ 27. Qxa1
Ne4 28. Qa6 Nc3 29. Bf1 h6 30. Bg3 Bf6 31. Qb7 h5 32. Bd6 Bf5 33. Nd7 Kh8 34.
Qc7 Ne4 35. Nxf6 gxf6 36. Bg3 Nxg3 37. fxg3 Kg7 38. Be2 Bg6 39. Kh2 1/2-1/2

[Event "USCL Week 1"]
[Site "Internet Chess Club"]
[Date "2011.08.31"]
[Round "?"]
[White "Martirosov, Vadim"]
[Black "Cherniack, Alex"]
[Result "1-0"]
[WhiteElo "2329"]
[BlackElo "2319"]
[PlyCount "137"]
[EventDate "2011.??.??"]

1. d4 e6 2. c4 f5 3. g3 Nf6 4. Bg2 d5 5. Nf3 c6 6. O-O Bd6 7. b3 Qe7 8. Bb2 O-O
9. Qc1 b6 10. Ba3 Bxa3 11. Qxa3 Qxa3 12. Nxa3 Nbd7 13. Rac1 Bb7 14. Ne5 Nxe5
15. dxe5 Ng4 16. cxd5 exd5 17. f4 Ne3 18. Rfe1 Nxg2 19. Kxg2 a6 20. Kf2 c5 21.
Rb1 Rac8 22. b4 cxb4 23. Rxb4 Rc6 24. Rd1 b5 25. Nb1 Rc4 26. a3 Rfc8 27. Nd2
Rc1 28. Rxc1 Rxc1 29. Rb1 Rc3 30. a4 Bc6 31. axb5 Bxb5 32. Nf3 Rc4 33. Rd1 Rc5
34. Nd4 g6 35. Ra1 Bc4 36. Rb1 Bb5 37. Nxb5 axb5 38. Ra1 d4 39. Ra8+ Kf7 40.
Rd8 Rc4 41. Ke1 Ke7 42. Rb8 Rc1+ 43. Kd2 Rh1 44. Rb7+ Ke6 45. Rxh7 b4 46. Rb7
Rxh2 47. Rxb4 Kd5 48. Kd3 Rg2 49. Rxd4+ Ke6 50. Rd6+ Kf7 51. Rf6+ Kg7 52. Ra6
Rxg3+ 53. Kd4 Rg2 54. Ra7+ Kh6 55. Ra2 g5 56. e6 Kg6 57. fxg5 Rxg5 58. Ke5 Rg4
59. Ra8 Re4+ 60. Kd6 Rd4+ 61. Ke7 f4 62. Rg8+ Kf5 63. Rf8+ Ke4 64. Kf6 Rd6 65.
Kf7 Ke3 66. e7 Rd7 67. Ke6 Rxe7+ 68. Kxe7 Kxe2 69. Rxf4 1-0

[Event "USCL Week 1"]
[Site "Internet Chess Club"]
[Date "2011.08.31"]
[Round "?"]
[White "Defibaugh, Jared"]
[Black "Herman, Matt"]
[Result "1-0"]
[WhiteElo "2363"]
[BlackElo "2426"]
[PlyCount "89"]
[EventDate "2011.??.??"]

1. e4 c5 2. d4 cxd4 3. c3 d5 4. exd5 Qxd5 5. Nf3 Nc6 6. Nxd4 Bd7 7. Qb3 Qxb3 8.
Nxb3 e5 9. Be3 O-O-O 10. N1d2 f5 11. O-O-O f4 12. Bc5 Nf6 13. f3 Bf5 14. Bb5
Bxc5 15. Nxc5 Rd5 16. b4 Ne7 17. Bc4 Rd6 18. Nde4 Nxe4 19. fxe4 Rxd1+ 20. Rxd1
Bg4 21. Rd2 Kc7 22. Be6 Bxe6 23. Nxe6+ Kc6 24. c4 Nc8 25. a4 Re8 26. Nxg7 Re7
27. Nf5 Re6 28. Rd5 b6 29. Kd2 Rg6 30. g3 Rg4 31. Rxe5 h5 32. Ke2 h4 33. Kf3
fxg3 34. hxg3 Rg8 35. gxh4 Rg1 36. h5 Kd7 37. h6 Rh1 38. Kg4 a5 39. b5 Rg1+ 40.
Kh5 Rh1+ 41. Kg6 Rg1+ 42. Kf7 Rh1 43. Re6 Rh3 44. Rg6 Rh5 45. Kg7 1-0

[Event "USCL Week 1"]
[Site "Internet Chess Club"]
[Date "2011.08.31"]
[Round "?"]
[White "Naroditsky, Daniel"]
[Black "Banawa, Jake"]
[Result "1-0"]
[WhiteElo "2516"]
[BlackElo "2366"]
[PlyCount "55"]
[EventDate "2011.??.??"]

1. e4 c5 2. Nf3 d6 3. d4 cxd4 4. Nxd4 Nf6 5. Nc3 a6 6. h3 e6 7. g4 d5 8. exd5
Nxd5 9. Bg2 Nxc3 10. bxc3 Qc7 11. O-O Be7 12. Qf3 O-O 13. Rd1 Bd6 14. Qd3 Nd7
15. Nf3 Be7 16. Be3 Nc5 17. Qd4 f6 18. Bf4 e5 19. Nxe5 fxe5 20. Bxe5 Qb6 21.
Bd5+ Be6 22. Rab1 Qa5 23. Rxb7 Rfd8 24. Rxe7 Rxd5 25. Rxg7+ Kf8 26. Bd6+ Ke8
27. Re7+ Kd8 28. Qh8+ 1-0

[Event "USCL Week 1"]
[Site "Internet Chess Club"]
[Date "2011.08.31"]
[Round "?"]
[White "Sevian, Samuel"]
[Black "Ding, Jialin"]
[Result "1/2-1/2"]
[WhiteElo "2262"]
[BlackElo "2244"]
[PlyCount "77"]
[EventDate "2011.??.??"]

1. e4 c5 2. Nf3 d6 3. d4 cxd4 4. Nxd4 Nf6 5. Nc3 g6 6. Be3 Bg7 7. f3 O-O 8. Qd2
Nc6 9. Bc4 Bd7 10. O-O-O Rb8 11. Bb3 Na5 12. h4 b5 13. Bh6 Bxh6 14. Qxh6 e5 15.
Nde2 b4 16. Nd5 Nxb3+ 17. axb3 Nxd5 18. Rxd5 Be6 19. h5 Qc7 20. hxg6 fxg6 21.
Rxd6 Rfc8 22. Qxh7+ Qxh7 23. Rxh7 Kxh7 24. Rxe6 Re8 25. Ra6 Rb7 26. Ra5 Kg7 27.
Kb1 Kf6 28. Nc1 Rh8 29. Nd3 Rh1+ 30. Ka2 Rh2 31. g4 Rxc2 32. Nxe5 g5 33. Nc4
Rf2 34. Rf5+ Kg6 35. Ne5+ Kh6 36. Nf7+ Kg6 37. Ne5+ Kh6 38. Nf7+ Kg6 39. Ne5+
1/2-1/2

[Event "USCL Week 1"]
[Site "Internet Chess Club"]
[Date "2011.08.31"]
[Round "?"]
[White "Simpson, Ron"]
[Black "Shen, Arthur"]
[Result "1/2-1/2"]
[WhiteElo "2317"]
[BlackElo "2291"]
[PlyCount "188"]
[EventDate "2011.??.??"]

1. Nf3 d5 2. d4 Nf6 3. e3 c6 4. Bd3 Bg4 5. c4 Nbd7 6. Nc3 e6 7. Qb3 dxc4 8.
Bxc4 b5 9. Be2 a6 10. O-O c5 11. Rd1 Qc7 12. e4 cxd4 13. e5 dxc3 14. exf6 Nxf6
15. Bf4 Qb6 16. h3 Ne4 17. hxg4 Qxf2+ 18. Kh2 Qxe2 19. Re1 Qxb2 20. Rxe4 Qxb3
21. axb3 b4 22. Nd4 Bc5 23. Nc2 h5 24. g5 Ke7 25. Nxb4 Bxb4 26. Rxb4 Rhc8 27.
Rb7+ Ke8 28. g6 fxg6 29. Bg5 Rc5 30. Rxg7 Rac8 31. Bc1 R8c6 32. Rxg6 Rb5 33.
Ra3 c2 34. Rg3 Rd5 35. Ra1 Rd1 36. Rg5 Rc3 37. Rg3 Rxg3 38. Kxg3 Rd3+ 39. Kf2
Rxb3 40. Ra2 h4 41. Rxa6 Kf7 42. Rc6 h3 43. g4 h2 44. Kg2 Rg3+ 45. Kxh2 Rxg4
46. Rxc2 Ke7 47. Kh3 Rg6 48. Kh4 Kf6 49. Rf2+ Ke5 50. Bg5 Kd5 51. Kg4 Rg8 52.
Rd2+ Ke4 53. Re2+ Kd5 54. Kf4 Rf8+ 55. Ke3 Ra8 56. Be7 e5 57. Rd2+ Ke6 58. Bb4
Ra6 59. Ke4 Rc6 60. Kd3 Rc7 61. Rh2 Rf7 62. Rh3 Kd5 63. Bc3 Rf5 64. Ke3 Rg5 65.
Be1 Rg4 66. Bg3 Ra4 67. Rh5 Ra3+ 68. Kf2 Ra2+ 69. Ke1 Ra1+ 70. Kd2 Ra2+ 71. Ke1
Ra1+ 72. Ke2 Ra2+ 73. Kf3 Ra3+ 74. Kg4 Re3 75. Rh8 Rb3 76. Rd8+ Ke4 77. Re8 Rb5
78. Re7 Rd5 79. Re6 Rb5 80. Kg5 Kd4 81. Kf5 e4+ 82. Kf4 Rb4 83. Rxe4+ Kc5 84.
Bf2+ Kb5 85. Bd4 Kc6 86. Ke5 Rb5+ 87. Ke6 Rb4 88. Rh4 Ra4 89. Ke5 Ra5+ 90. Ke4
Rd5 91. Be5 Rd1 92. Rh6+ Kc5 93. Bf4 Rd4+ 94. Kf5 Rd8 1/2-1/2

[Event "USCL Week 1"]
[Site "Internet Chess Club"]
[Date "2011.08.31"]
[Round "?"]
[White "Eckert, Doug"]
[Black "Pruess, David"]
[Result "0-1"]
[WhiteElo "2240"]
[BlackElo "2414"]
[PlyCount "76"]
[EventDate "2011.??.??"]

1. d4 d5 2. c4 dxc4 3. Nf3 Nf6 4. e3 e6 5. Bxc4 a6 6. O-O b5 7. Bb3 Bb7 8. a4
b4 9. a5 Nbd7 10. Nbd2 Be7 11. Qe2 c5 12. Ne5 O-O 13. Ndc4 Rc8 14. Rd1 Qc7 15.
Ba4 cxd4 16. exd4 Nxe5 17. Nxe5 Qxa5 18. Bg5 Qd5 19. f3 Rfd8 20. Qe3 Ng4 21.
Nxg4 Bxg5 22. Qd3 h5 23. Bb3 Qd6 24. Nf2 Bf6 25. d5 exd5 26. Rd2 Be5 27. g3 h4
28. f4 Bf6 29. Ng4 Qb6+ 30. Kf1 a5 31. Qf5 Bc3 32. bxc3 bxc3 33. Bc2 cxd2 34.
Qh7+ Kf8 35. Qh8+ Ke7 36. Qxh4+ Kd6 37. Qh7 Qb2 38. Rb1 Qxb1+ 0-1

[Event "USCL Week 1"]
[Site "Internet Chess Club"]
[Date "2011.08.31"]
[Round "?"]
[White "Rosen, Eric"]
[Black "Golub, David"]
[Result "1-0"]
[WhiteElo "2333"]
[BlackElo "2188"]
[PlyCount "55"]
[EventDate "2011.??.??"]

1. d4 Nf6 2. c4 c5 3. Nf3 cxd4 4. Nxd4 e5 5. Nb5 d5 6. cxd5 Bc5 7. N5c3 O-O 8.
g3 Re8 9. Bg2 e4 10. O-O Bf5 11. Na3 a6 12. Nc2 Nbd7 13. Be3 Bd6 14. Bd4 b5 15.
Ne3 Bg6 16. a3 Nb6 17. a4 b4 18. a5 Nc8 19. Na4 Bc7 20. Bc5 Rb8 21. Qb3 Rb5 22.
Rfd1 Nd7 23. Rac1 Nxc5 24. Rxc5 Bd6 25. Rc6 Rxa5 26. Nc4 Rb5 27. Rxc8 Qxc8 28.
Nxd6 1-0

[Event "USCL Week 1"]
[Site "Internet Chess Club"]
[Date "2011.08.31"]
[Round "?"]
[White "Kelley, Dereque"]
[Black "Young, Angelo"]
[Result "0-1"]
[WhiteElo "2241"]
[BlackElo "2415"]
[PlyCount "67"]
[EventDate "2011.??.??"]

1. d4 Nf6 2. c4 g6 3. Nc3 Bg7 4. e4 O-O 5. Nf3 c5 6. d5 e6 7. Be2 d6 8. O-O
exd5 9. exd5 Bg4 10. Bf4 Nh5 11. Bg5 Bf6 12. Be3 Re8 13. h3 Bxf3 14. Bxf3 Ng7
15. Qb3 Nd7 16. Qxb7 Nb6 17. Qa6 Bxc3 18. bxc3 Qh4 19. Rab1 Nf5 20. Bc1 h5 21.
Kh2 Qf6 22. Bd2 Nh4 23. Bd1 Qe5+ 24. g3 Qe4 25. f3 Qxb1 26. gxh4 Qd3 27. Rf2
Qxc4 28. Qxc4 Nxc4 29. Bf4 Ne5 30. Ba4 Nd3 31. Bxe8 Rxe8 32. Bxd6 Nxf2 33. Bxc5
Nd3 34. Bxa7 0-1